000 00961nam0a22002771 4500
001 rc\1119953
005 20041126174415.9
035 _a(NLR Aleph) 006363013
090 _a4922581
_c4922581
100 _a20041126d1981 u |0rusy50 ca
101 0 _arus
102 _aRU
105 _aa |||||||||
200 1 _aСпектроскопия молекулярных экситонов
_fВ.Л. Броуде, Э.И. Рашба, Е.Ф. Шека
210 _aМ.
_cЭнергоиздат
_d1981
215 _a248 с.
_cил.
_d22
320 _aБиблиогр.: с. 235-242 (298 назв.)
320 _aПредм. указ.: с. 243-245
700 1 _aБроуде
_bВ. Л.
_gВладимир Львович
701 1 _aРашба
_bЭ. И.
_gЭммануил Иосифович
701 1 _aШека
_bЕ. Ф.
_gЕлена Федоровна
801 0 _aRU
_bNLR
_gpsbo
801 1 _aRU
_bELAR
_2rusmarc
852 _aNLR
_j81-5/6813
942 _cBOOK
980 _aNB